Touts les feats de La Mano 1.9 - Statistiques

Statistiques générales
  • Ce quiz a été pris 125 fois
  • Le résultat moyen est 17 sur 30
Statistiques - réponses
Hint Réponse % Correct
Un monde à l'autre SCH, GIMS
100%
Parisienne GIMS
99%
Canon Niska
93%
GANG Tiakola, Niska
93%
Crime ensoleillé Tiakola
88%
Stéphanie La Hasba 22, Nono la Grinta
81%
La Quoi Nono la Grinta
81%
El Gemano Genezio
78%
S.W.A.T SDM
78%
POP Gazo
73%
Jerrican Guy2Bezbar
70%
Jump IDS
66%
NO STRESS Favé
62%
Enlève tes pes-sas JKSN, Kaaris, Leto
59%
J'aime Genezio, Leto
57%
Hors la Loi L2B
57%
Hockey Zed
53%
Le plan JRK 19
52%
Uncut Luciano
47%
Fourmi Vacra
47%
Cat Sa N'dey Franglish
40%
J'coupe tout Musto
40%
Type Shit Bilouki
37%
D BLOCK AFRIQUE Dinos, Jolagreen23
31%
Cadeau HIMRA
29%
Mia Khalifa Dj Milane
23%
P.A.M.P Liims
23%
Djandjou Bolémvn
22%
Tout y est Oboy, Jozii
12%
OK K Himra, Abra Cadabra
9%
Aucun quiz correspondant
Distribution des résultats
% des personnes avec chaque résultat
Percentile par nombre de réponses
Votre historique - résultats
Vous n’avez pas pris ce quiz